Open Data Biblioteca Nacional de Portugal


República Portuguesa: Ministério da Cultura
Biblioteca Nacional de Portugal

Catálogo da BNP: acesso por Identificadores Unívocos
Registos Bibliográficos associados ao registo de autoridade

Etiqueta de registo: 00254nam 2200025 450
001 2280100
003 http://id.bnportugal.gov.pt/bib/catbnp/2280100
100 ## $a20260313d2025 m y0pory01030103ba
101 0# $apor
102 ## $aPT
105 ## $aa z 000yy
106 ## $ar
200 1# $a The last Waltz$fJoanna Latka$gtexto Fernando Pereira, Mário Dias$gfot. Helena Gonçalves, Teresa Lopes da Silva
210 #9 $a[S.l.$cs.n.],$d2025
215 ## $a37, [1] p.$cil.$d21 cm
675 ## $a75.052(469.411)(042)$vBN$zpor$31258308
675 ## $a75.052Latka, Joanna(042)$vBN$zpor$31994992
700 #1 $aLatka,$bJoanna,$f1978-$31650124
701 #1 $93$aPereira,$bFernando$4070$369252
701 #1 $94$aDias,$bMário$4070$31991274
702 #1 $94$aGonçalves,$bHelena$4600$31917011
702 #1 $aSilva,$bTeresa Lopes da$4600$31761546
801 #0 $aPT$bBN$gRPC
856 41 $uhttp://rnod.bnportugal.gov.pt/ImagesBN/winlibimg.aspx?skey=&doc=2280100&img=221151&save=true
900 ## $aBIBNAC$d20260415
966 ## $lBN$mFGMON$sB.A. 53659 V.$x1
966 ## $lBN$mFGMON$sB.A. 53659 V.-D$x1
971 ## $cabrito$d20260313
972 ## $e0$z0$d20260415$vlrevez
973 ## $ctrodrigues$d20260408

OpendataBNP@bnportugal.pt | Mais informação sobre acesso aos dados BNP